000 01344nam0a2200337 4500
001 RU\NLR\bibl\1146362
005 20250615075137.0
010 _a978-5-09-016126-8
_95000
021 _aRU
_b2007-64113
_93423
035 _a(NLR Aleph) 001133182
090 _a1370890
_c1370890
100 _a20071026d2007 |||y0rusy50 ca
101 0 _arus
102 _aRU
105 _aa |||||||||
200 1 _aБезопасное поведение на улицах и дорогах. 1-4 классы
_eпособие для учащихся
_f[П. В. Ижевский и др.]
_gпод ред. П. В. Ижевского
210 _aМосква
_cПросвещение
_d2007
215 _a61, [2] с.
_cцв. ил.
_d29
225 1 _aБезопасность дорожного движения
_eБДД
225 1 _aЗеленый дом
225 1 _aШкола России
606 1 _aПравила дорожного движения
_jУчебные издания для начальной школы
_92081950
_3RU\NLR\auth\661257958
686 1 _aО808.020.3я711-1
702 1 _aИжевский
_bП. В.
_gПавел Владимирович
_4220
801 0 _aRU
_bNLR
_c20071026
_gRCR
801 1 _aRU
_bNLR
_c20071026
830 _aсост. по кн.
942 _cBOOK
980 _aNB